000 00937nam a2200217Ia 4500
001 15876
003 GE_BSU
008 181216s||||||||xx |||||||||||||| ||und||
040 _cGE_BSU
080 _a821.353.1-32
100 _aჭეიშვილი, რეზო
245 _aთხზულებანი : 2 ტომად. ტ. 1.
245 _bმოთხრობები
245 _cრედ.ო.დაუშვილი. მხატვ.გ.წერეთელი
260 _aთბილისი
260 _bსაბჭ. საქართველო
260 _c1989
300 _a608 გვ.21 სმ.
653 _aმუსიკა ქარში; მეოთხე სიმფონია; გია; კომპოზიტორი ჩირიბერიძე; წარსულის სურათები; საგაზაფხულო ჩანახატი
942 _cBK
999 _c48972
_d48972